[Event "3rd Memorial Warakomska 2019"]
[Site "Suwalki"]
[Date "2019.08.06"]
[Round "2.46"]
[White "Czarniecka, Aleksandra"]
[Black "Zaika, Daniil"]
[Result "0-1"]
[WhiteElo "2042"]
[BlackElo "2216"]
[Annotator "NA"]
[PlyCount "108"]
[EventDate "2019.08.05"]
[EventType "swiss"]
[EventCountry "POL"]
[SourceTitle "playchess.com"]
[Source "ChessBase"]
[SourceQuality "1"]
[TimeControl "40/5400+30:1800+30"]

1. e4 {[%emt 0:00:00]} c5 {[%emt 0:00:00]} 2. Nf3 {[%emt 0:00:30]} d6 {[%emt 0:00:30]} 3. d4 {[%emt 0:00:30]} cxd4 {[%emt 0:00:30]} 4. Nxd4 {[%emt 0:00:30]} Nf6 {[%emt 0:00:30]} 5. Nc3 {[%emt 0:00:30]} a6 {[%emt 0:00:30]} 6. Be2 {[%emt 0:00:30]} Nbd7 {[%emt 0:00:00]} 7. O-O {[%emt 0:01:13]} g6 {[%emt 0:00:00]} 8. Re1 {[%emt 0:06:30]} Bg7 {[%emt 0:01:23]} 9. Nb3 {[%emt 0:02:04]} O-O {[%emt 0:02:02]} 10. Bg5 {[%emt 0:03:38]} b5 {[%emt 0:04:55]} 11. a3 {[%emt 0:02:11]} Bb7 {[%emt 0:01:17]} 12. Bf1 {[%emt 0:00:31]} Rc8 {[%emt 0:10:58]} 13. Nd5 {[%emt 0:16:33]} Nxd5 {[%emt 0:07:47]} 14. exd5 {[%emt 0:00:24]} Re8 {[%emt 0:03:55]} 15. c3 {[%emt 0:21:39]} Nb6 {[%emt 0:02:16]} 16. Nd4 {[%emt 0:02:53]} h6 {[%emt 0:04:44]} 17. Bh4 {[%emt 0:04:34]} Nxd5 {[%emt 0:00:45]} 18. Qd2 {[%emt 0:12:27]} Qd7 {[%emt 0:03:19]} 19. Rad1 {[%emt 0:01:28]} e5 {[%emt 0:02:53]} 20. Nc2 {[%emt 0:01:57]} g5 {[%emt 0:08:08]} 21. Bg3 {[%emt 0:01:22]} f5 {[%emt 0:00:18]} 22. f3 {[%emt 0:00:42]} f4 {[%emt 0:01:10]} 23. Bf2 {[%emt 0:00:05]} g4 {[%emt 0:01:04]} 24. Be2 {[%emt 0:07:09]} h5 {[%emt 0:05:01]} 25. Nb4 {[%emt 0:05:20]} Nxb4 {[%emt 0:02:59]} 26. axb4 {[%emt 0:00:07]} d5 {[%emt 0:01:59]} 27. Qc2 {[%emt 0:03:28]} Qe6 {[%emt 0:02:48]} 28. Qb3 {[%emt 0:02:14]} e4 {[%emt 0:02:29]} 29. Bc5 {[%emt 0:02:06]} Bf6 {[%emt 0:08:42]} 30. Bf1 {[%emt 0:01:15]} Bh4 {[%emt 0:04:16]} 31. Re2 {[%emt 0:00:05]} Rc7 {[%emt 0:00:49]} 32. Bd4 {[%emt 0:00:16]} Kh7 {[%emt 0:01:22]} 33. Kh1 {[%emt 0:00:02]} Qg6 {[%emt 0:02:17]} 34. Qc2 {[%emt 0:00:19]} Bc8 {[%emt 0:04:46]} 35. Bc5 {[%emt 0:01:28]} Bf5 {[%emt 0:00:51]} 36. Qc1 {[%emt 0:00:44]} e3 {[%emt 0:02:44]} 37. Rxd5 {[%emt 0:00:35]} gxf3 {[%emt 0:01:40]} 38. gxf3 {[%emt 0:00:28]} Bf2 {[%emt 0:00:10]} 39. Rxf2 {[%emt 0:00:12]} exf2 {[%emt 0:00:04]} 40. Bxf2 {[%emt 0:00:00]} Rf7 {[%emt 0:00:00]} 41. Qd2 {[%emt 0:03:53]} Rg8 {[%emt 0:05:19]} 42. Rd6 {[%emt 0:03:36]} Rf6 {[%emt 0:09:24]} 43. Rxf6 {[%emt 0:02:02]} Qxf6 {[%emt 0:00:03]} 44. Qxf4 {[%emt 0:00:29]} Qg6 {[%emt 0:00:21]} 45. Bd4 {[%emt 0:02:16]} Re8 {[%emt 0:04:14]} 46. Bf2 {[%emt 0:09:01]} Re7 {[%emt 0:03:23]} 47. Qg3 {[%emt 0:03:00]} Qc6 {[%emt 0:03:49]} 48. Bd4 {[%emt 0:02:18]} Rf7 {[%emt 0:01:55]} 49. Bg2 {[%emt 0:01:11]} Qh6 {[%emt 0:03:24]} 50. f4 {[%emt 0:01:20]} h4 {[%emt 0:01:40]} 51. Qe3 {[%emt 0:04:01]} h3 {[%emt 0:02:41]} 52. Bd5 {[%emt 0:00:40]} Rd7 {[%emt 0:01:14]} 53. Qe5 {[%emt 0:01:58]} Qf8 {[%emt 0:02:31]} 54. Be6 {[%emt 0:01:34]} Qa8+ {[%emt 0:00:30]} 0-1

[Event "3rd Memorial Warakomska 2019"]
[Site "Suwalki"]
[Date "2019.08.06"]
[Round "2.47"]
[White "Kukula, Pawel"]
[Black "Oborski, Artur"]
[Result "1-0"]
[WhiteElo "2209"]
[BlackElo "1969"]
[Annotator "NA"]
[PlyCount "123"]
[EventDate "2019.08.05"]
[EventType "swiss"]
[EventCountry "POL"]
[SourceTitle "playchess.com"]
[Source "ChessBase"]
[SourceQuality "1"]
[TimeControl "40/5400+30:1800+30"]

1. d4 {[%emt 0:00:00]} d5 {[%emt 0:00:00]} 2. c4 {[%emt 0:00:00]} e6 {[%emt 0:00:00]} 3. Nc3 {[%emt 0:00:11]} c6 {[%emt 0:00:00]} 4. Nf3 {[%emt 0:00:56]} dxc4 {[%emt 0:00:04]} 5. a4 {[%emt 0:00:17]} Bb4 {[%emt 0:00:24]} 6. g3 {[%emt 0:02:01]} Nf6 {[%emt 0:05:09]} 7. Bg2 {[%emt 0:00:07]} c5 {[%emt 0:08:13]} 8. O-O {[%emt 0:02:01]} Nc6 {[%emt 0:02:40]} 9. e3 {[%emt 0:09:08]} cxd4 {[%emt 0:02:39]} 10. exd4 {[%emt 0:00:11]} O-O {[%emt 0:00:15]} 11. Qe2 {[%emt 0:06:25]} Na5 {[%emt 0:05:05]} 12. Bg5 {[%emt 0:02:40]} h6 {[%emt 0:04:24]} 13. Bxf6 {[%emt 0:01:11]} Qxf6 {[%emt 0:00:09]} 14. Ne5 {[%emt 0:00:07]} Rd8 {[%emt 0:03:06]} 15. Rad1 {[%emt 0:00:19]} Bd7 {[%emt 0:02:43]} 16. Nxc4 {[%emt 0:10:15]} Bxc3 {[%emt 0:09:51]} 17. bxc3 {[%emt 0:00:17]} Nxc4 {[%emt 0:00:17]} 18. Qxc4 {[%emt 0:00:06]} Rac8 {[%emt 0:00:07]} 19. Qb4 {[%emt 0:01:06]} b6 {[%emt 0:00:40]} 20. c4 {[%emt 0:00:32]} Bc6 {[%emt 0:01:31]} 21. d5 {[%emt 0:00:19]} exd5 {[%emt 0:00:42]} 22. cxd5 {[%emt 0:00:06]} Bb7 {[%emt 0:06:20]} 23. Rd4 {[%emt 0:12:52]} Rc5 {[%emt 0:05:02]} 24. Rfd1 {[%emt 0:02:48]} Rd6 {[%emt 0:05:29]} 25. h4 {[%emt 0:01:01]} a5 {[%emt 0:06:51]} 26. Qd2 {[%emt 0:03:55]} Rc8 {[%emt 0:03:25]} 27. Re1 {[%emt 0:01:42]} Rf8 {[%emt 0:03:54]} 28. Kh2 {[%emt 0:09:58]} Qd8 {[%emt 0:02:01]} 29. Re5 {[%emt 0:06:03]} Re8 {[%emt 0:02:12]} 30. Qe3 {[%emt 0:14:28]} Rxe5 {[%emt 0:01:51]} 31. Qxe5 {[%emt 0:00:05]} Kf8 {[%emt 0:03:26]} 32. Qe3 {[%emt 0:06:19]} Kg8 {[%emt 0:00:53]} 33. Re4 {[%emt 0:00:49]} Kf8 {[%emt 0:00:18]} 34. Rd4 {[%emt 0:02:30]} Kg8 {[%emt 0:00:08]} 35. Qe4 {[%emt 0:00:54]} Qd7 {[%emt 0:02:04]} 36. Qe5 {[%emt 0:03:17]} Kf8 {[%emt 0:01:31]} 37. Rf4 {[%emt 0:01:07]} f6 {[%emt 0:03:51]} 38. Qe3 {[%emt 0:00:52]} Qd8 {[%emt 0:02:12]} 39. Qa3 {[%emt 0:00:57]} Kg8 {[%emt 0:00:57]} 40. Rd4 {[%emt 0:00:00]} Kh8 {[%emt 0:00:00]} 41. Qe3 {[%emt 0:05:14]} Kg8 {[%emt 0:06:42]} 42. Qe4 {[%emt 0:00:15]} Bc8 {[%emt 0:02:08]} 43. Bf1 {[%emt 0:05:37]} Bd7 {[%emt 0:01:02]} 44. Bd3 {[%emt 0:00:34]} f5 {[%emt 0:01:12]} 45. Qe5 {[%emt 0:00:03]} Qf6 {[%emt 0:01:06]} 46. f4 {[%emt 0:00:04]} Kf7 {[%emt 0:02:31]} 47. Bc2 {[%emt 0:02:13]} Kf8 {[%emt 0:00:56]} 48. Bb3 {[%emt 0:00:35]} Qe7 {[%emt 0:01:18]} 49. Rd3 {[%emt 0:01:08]} Qf6 {[%emt 0:03:57]} 50. Rc3 {[%emt 0:00:35]} Qe7 {[%emt 0:01:02]} 51. Rc7 {[%emt 0:03:08]} Kf7 {[%emt 0:02:04]} 52. Bc2 {[%emt 0:00:39]} Ke8 {[%emt 0:01:47]} 53. Bb3 {[%emt 0:01:56]} Kf7 {[%emt 0:00:46]} 54. Bc4 {[%emt 0:00:53]} Ke8 {[%emt 0:00:29]} 55. Kg2 {[%emt 0:05:50]} Kd8 {[%emt 0:04:14]} 56. Ra7 {[%emt 0:00:48]} Ke8 {[%emt 0:00:07]} 57. Kf3 {[%emt 0:02:48]} Kf8 {[%emt 0:01:36]} 58. Ke3 {[%emt 0:00:35]} Ke8 {[%emt 0:01:43]} 59. Kd4 {[%emt 0:00:37]} Qxe5+ {[%emt 0:00:44]} 60. fxe5 {[%emt 0:00:10]} Rg6 {[%emt 0:00:06]} 61. Be2 {[%emt 0:00:45]} Rxg3 {[%emt 0:00:20]} 62. e6 {[%emt 0:00:05]} 1-0

[Event "3rd Memorial Warakomska 2019"]
[Site "Suwalki"]
[Date "2019.08.06"]
[Round "2.48"]
[White "Leskiewicz, Ignacy"]
[Black "Nowak, Lukasz"]
[Result "0-1"]
[WhiteElo "2120"]
[BlackElo "2264"]
[Annotator "NA"]
[PlyCount "106"]
[EventDate "2019.08.05"]
[EventType "swiss"]
[EventCountry "POL"]
[SourceTitle "playchess.com"]
[Source "ChessBase"]
[SourceQuality "1"]
[TimeControl "40/5400+30:1800+30"]

1. e4 {[%emt 0:00:00]} c6 {[%emt 0:00:00]} 2. d4 {[%emt 0:00:00]} d5 {[%emt 0:00:00]} 3. exd5 {[%emt 0:00:00]} cxd5 {[%emt 0:00:02]} 4. c4 {[%emt 0:00:00]} Nf6 {[%emt 0:00:11]} 5. Nc3 {[%emt 0:00:00]} Nc6 {[%emt 0:00:08]} 6. Bg5 {[%emt 0:00:27]} Be6 {[%emt 0:00:16]} 7. a3 {[%emt 0:18:02]} Qd7 {[%emt 0:02:15]} 8. Nf3 {[%emt 0:24:52]} Ne4 {[%emt 0:23:20]} 9. cxd5 {[%emt 0:13:20]} Bxd5 {[%emt 0:03:27]} 10. Bf4 {[%emt 0:19:26]} Nxc3 {[%emt 0:03:16]} 11. bxc3 {[%emt 0:00:02]} Qf5 {[%emt 0:04:42]} 12. Bg3 {[%emt 0:03:38]} Bxf3 {[%emt 0:06:08]} 13. Qxf3 {[%emt 0:00:38]} Qxf3 {[%emt 0:00:23]} 14. gxf3 {[%emt 0:00:01]} e6 {[%emt 0:03:10]} 15. Bd3 {[%emt 0:01:36]} O-O-O {[%emt 0:02:31]} 16. O-O {[%emt 0:01:13]} Bd6 {[%emt 0:02:42]} 17. Be4 {[%emt 0:01:10]} Na5 {[%emt 0:02:58]} 18. Rab1 {[%emt 0:03:01]} f5 {[%emt 0:06:29]} 19. Rb5 {[%emt 0:03:50]} b6 {[%emt 0:06:42]} 20. Bxd6 {[%emt 0:01:20]} fxe4 {[%emt 0:01:19]} 21. Bb4 {[%emt 0:00:27]} Nc4 {[%emt 0:03:25]} 22. fxe4 {[%emt 0:01:03]} Rd7 {[%emt 0:02:32]} 23. Rb1 {[%emt 0:05:08]} a6 {[%emt 0:01:22]} 24. Rh5 {[%emt 0:00:29]} g6 {[%emt 0:01:32]} 25. Re5 {[%emt 0:01:33]} Nxe5 {[%emt 0:01:25]} 26. dxe5 {[%emt 0:00:01]} Rd3 {[%emt 0:04:15]} 27. Bd6 {[%emt 0:00:27]} Kb7 {[%emt 0:00:53]} 28. Bc5 {[%emt 0:01:37]} b5 {[%emt 0:00:14]} 29. Bd4 {[%emt 0:00:15]} Kc6 {[%emt 0:00:53]} 30. Kg2 {[%emt 0:00:48]} Rf8 {[%emt 0:02:12]} 31. a4 {[%emt 0:00:12]} Rb8 {[%emt 0:03:54]} 32. Rb3 {[%emt 0:00:52]} b4 {[%emt 0:01:49]} 33. Kf1 {[%emt 0:00:27]} a5 {[%emt 0:02:18]} 34. Rb1 {[%emt 0:00:31]} Rb7 {[%emt 0:02:09]} 35. Ke2 {[%emt 0:00:11]} Rh3 {[%emt 0:00:14]} 36. Be3 {[%emt 0:00:48]} Rxh2 {[%emt 0:01:59]} 37. cxb4 {[%emt 0:00:28]} Rxb4 {[%emt 0:00:13]} 38. Rd1 {[%emt 0:00:15]} Rxe4 {[%emt 0:02:30]} 39. Rd6+ {[%emt 0:00:13]} Kc7 {[%emt 0:03:11]} 40. Rxe6 {[%emt 0:00:00]} Kd7 {[%emt 0:00:00]} 41. Rd6+ {[%emt 0:04:33]} Ke7 {[%emt 0:06:36]} 42. Rd5 {[%emt 0:07:31]} Rxa4 {[%emt 0:00:42]} 43. Rb5 {[%emt 0:06:00]} Ke6 {[%emt 0:03:48]} 44. Bd2 {[%emt 0:05:14]} Ra2 {[%emt 0:02:56]} 45. Rxa5 {[%emt 0:04:12]} Rxa5 {[%emt 0:00:10]} 46. Bxa5 {[%emt 0:00:03]} Rh3 {[%emt 0:00:45]} 47. f4 {[%emt 0:04:53]} Kf5 {[%emt 0:00:28]} 48. Bd2 {[%emt 0:00:01]} Ke4 {[%emt 0:00:57]} 49. e6 {[%emt 0:02:03]} Rh2+ {[%emt 0:00:08]} 50. Kd1 {[%emt 0:00:57]} Kd3 {[%emt 0:00:38]} 51. Bb4 {[%emt 0:00:18]} Rb2 {[%emt 0:03:34]} 52. Ba3 {[%emt 0:00:45]} Ra2 {[%emt 0:00:13]} 53. Bc1 {[%emt 0:00:29]} Re2 {[%emt 0:00:14]} 0-1

[Event "3rd Memorial Warakomska 2019"]
[Site "Suwalki"]
[Date "2019.08.07"]
[Round "3.1"]
[White "Goluch, Piotr"]
[Black "Greenfeld, Alon"]
[Result "1-0"]
[WhiteElo "2386"]
[BlackElo "2522"]
[Annotator "ChessBase"]
[PlyCount "111"]
[EventDate "2019.08.05"]
[EventType "swiss"]
[EventCountry "POL"]
[SourceTitle "playchess.com"]
[Source "ChessBase"]
[SourceQuality "1"]
[TimeControl "40/5400+30:1800+30"]

1. Nf3 {[%emt 0:00:00]} Nf6 {[%emt 0:07:18]} 2. c4 {[%emt 0:00:00]} g6 {[%emt 0:01:09]} 3. b3 {[%emt 0:06:01]} d6 {[%emt 0:08:04]} 4. Bb2 {[%emt 0:00:52]} Bg7 {[%emt 0:02:09]} 5. g3 {[%emt 0:00:07]} e5 {[%emt 0:03:39]} 6. Bg2 {[%emt 0:00:26]} O-O {[%emt 0:00:39]} 7. O-O {[%emt 0:01:30]} Nc6 {[%emt 0:04:49]} 8. d4 {[%emt 0:08:39]} e4 {[%emt 0:10:01]} 9. Ne1 {[%emt 0:00:04]} e3 {[%emt 0:03:08]} 10. fxe3 {[%emt 0:04:50]} h5 {[%emt 0:00:34]} 11. Nf3 {[%emt 0:07:56]} Ng4 {[%emt 0:15:54]} 12. Qd3 {[%emt 0:01:33]} Re8 {[%emt 0:14:26]} 13. e4 {[%emt 0:03:08]} Nb4 {[%emt 0:01:50]} 14. Qc3 {[%emt 0:11:46]} c5 {[%emt 0:00:07]} 15. Nbd2 {[%emt 0:00:13]} h4 {[%emt 0:01:55]} 16. gxh4 {[%emt 0:02:14]} Nc6 {[%emt 0:07:25]} 17. e3 {[%emt 0:00:50]} f5 {[%emt 0:00:29]} 18. e5 {[%emt 0:04:48]} dxe5 {[%emt 0:01:17]} 19. d5 {[%emt 0:00:03]} Nd4 {[%emt 0:02:28]} 20. Rae1 {[%emt 0:01:29]} Nxf3+ {[%emt 0:04:30]} 21. Nxf3 {[%emt 0:00:05]} Nf6 {[%emt 0:03:06]} 22. Qc2 {[%emt 0:05:57]} Qd6 {[%emt 0:01:25]} 23. Bh3 {[%emt 0:04:32]} e4 {[%emt 0:01:48]} 24. Ng5 {[%emt 0:00:33]} Nh5 {[%emt 0:01:33]} 25. Kh1 {[%emt 0:04:45]} a5 {[%emt 0:01:23]} 26. Rg1 {[%emt 0:04:42]} Bxb2 {[%emt 0:00:06]} 27. Qxb2 {[%emt 0:00:03]} Qf6 {[%emt 0:00:06]} 28. Qf2 {[%emt 0:03:50]} Kh8 {[%emt 0:00:25]} 29. Bf1 {[%emt 0:03:41]} a4 {[%emt 0:00:25]} 30. Be2 {[%emt 0:00:41]} axb3 {[%emt 0:00:49]} 31. Bxh5 {[%emt 0:00:08]} Rxa2 32. Be2 {[%emt 0:03:45]} f4 {[%emt 0:01:50]} 33. Qxf4 {[%emt 0:01:34]} Qxf4 {[%emt 0:00:16]} 34. exf4 {[%emt 0:00:04]} Bf5 {[%emt 0:00:25]} 35. Nf7+ {[%emt 0:02:36]} Kh7 {[%emt 0:00:04]} 36. Nd6 {[%emt 0:00:04]} Rea8 {[%emt 0:00:10]} 37. h5 {[%emt 0:03:03]} R8a6 {[%emt 0:00:09]} 38. hxg6+ Bxg6 {[%emt 0:00:01]} 39. f5 {[%emt 0:05:37]} Rxd6 {[%emt 0:00:09]} 40. fxg6+ {[%emt 0:00:00]} Rxg6 {[%emt 0:00:00]} 41. Bg4 {[%emt 0:01:21]} Kh6 {[%emt 0:09:30]} 42. Bf5 {[%emt 0:04:27]} Rxg1+ {[%emt 0:04:17]} 43. Kxg1 {[%emt 0:00:21]} Rc2 {[%emt 0:06:26]} 44. d6 {[%emt 0:08:52]} Rxc4 {[%emt 0:01:26]} 45. Rd1 {[%emt 0:06:07]} b2 {[%emt 0:02:10]} 46. d7 {[%emt 0:00:07]} Rd4 {[%emt 0:02:19]} 47. Rb1 {[%emt 0:00:03]} Kg5 {[%emt 0:04:06]} 48. Bh3 {[%emt 0:01:24]} e3 {[%emt 0:05:21]} 49. Rxb2 {[%emt 0:01:05]} Rd1+ {[%emt 0:00:13]} 50. Kg2 {[%emt 0:00:23]} Kf4 {[%emt 0:00:28]} 51. Rb6 {[%emt 0:04:16]} e2 {[%emt 0:01:24]} 52. Rf6+ {[%emt 0:00:03]} Kg5 {[%emt 0:01:00]} 53. Rf5+ {[%emt 0:00:04]} Kh4 {[%emt 0:01:14]} 54. Rf4+ {[%emt 0:00:04]} Kg5 {[%emt 0:00:11]} 55. Re4 {[%emt 0:00:05]} b5 {[%emt 0:00:47]} 56. Rxe2 {[%emt 0:00:20]} 1-0

[Event "3rd Memorial Warakomska 2019"]
[Site "Suwalki"]
[Date "2019.08.07"]
[Round "3.2"]
[White "Galperin, Platon"]
[Black "Grib, Roman"]
[Result "1/2-1/2"]
[WhiteElo "2445"]
[BlackElo "2421"]
[Annotator "NA"]
[PlyCount "89"]
[EventDate "2019.08.05"]
[EventType "swiss"]
[EventCountry "POL"]
[SourceTitle "playchess.com"]
[Source "ChessBase"]
[SourceQuality "1"]
[TimeControl "40/5400+30:1800+30"]

1. d4 {[%emt 0:10:38]} Nf6 {[%emt 0:00:00]} 2. c4 {[%emt 0:00:02]} e6 {[%emt 0:00:30]} 3. Nc3 {[%emt 0:00:12]} Bb4 {[%emt 0:00:57]} 4. Qc2 {[%emt 0:00:03]} d5 {[%emt 0:01:57]} 5. cxd5 {[%emt 0:00:05]} exd5 {[%emt 0:00:12]} 6. Bg5 {[%emt 0:00:50]} Nbd7 {[%emt 0:04:58]} 7. e3 {[%emt 0:00:43]} h6 {[%emt 0:01:57]} 8. Bh4 {[%emt 0:00:03]} O-O {[%emt 0:15:05]} 9. Bd3 {[%emt 0:00:32]} c5 {[%emt 0:00:21]} 10. Nge2 {[%emt 0:01:24]} c4 {[%emt 0:14:09]} 11. Bf5 {[%emt 0:01:31]} Nb6 {[%emt 0:00:24]} 12. a3 {[%emt 0:25:22]} Bxc3+ {[%emt 0:03:18]} 13. Nxc3 {[%emt 0:00:04]} Bxf5 {[%emt 0:05:34]} 14. Qxf5 {[%emt 0:00:04]} Qd7 {[%emt 0:00:11]} 15. g4 {[%emt 0:04:57]} Qxf5 {[%emt 0:04:59]} 16. gxf5 {[%emt 0:00:03]} g5 {[%emt 0:00:57]} 17. Bg3 {[%emt 0:10:32]} Ne4 $16 {[%emt 0:04:24]} 18. f3 {[%emt 0:08:04]} Nxc3 {[%emt 0:18:30]} 19. bxc3 {[%emt 0:00:03]} Rfe8 {[%emt 0:00:21]} 20. Kd2 {[%emt 0:00:21]} Kg7 {[%emt 0:00:18]} 21. Rhe1 {[%emt 0:06:17]} Re7 {[%emt 0:05:54]} 22. e4 {[%emt 0:06:54]} dxe4 {[%emt 0:05:39]} 23. fxe4 {[%emt 0:00:16]} Rae8 {[%emt 0:00:11]} 24. Re2 {[%emt 0:06:19]} f6 {[%emt 0:06:44]} 25. Rae1 {[%emt 0:00:09]} h5 {[%emt 0:00:55]} 26. h3 {[%emt 0:07:16]} Rf7 {[%emt 0:00:52]} 27. Rb1 {[%emt 0:02:14]} h4 {[%emt 0:01:16]} 28. Bh2 {[%emt 0:00:22]} Kh6 {[%emt 0:00:09]} 29. Rf1 {[%emt 0:02:01]} Kh5 {[%emt 0:00:26]} 30. e5 {[%emt 0:00:43]} Nd5 {[%emt 0:00:12]} 31. Re4 {[%emt 0:03:31]} b5 {[%emt 0:00:25]} 32. Rg4 {[%emt 0:03:00]} a5 {[%emt 0:00:26]} 33. Rfg1 {[%emt 0:01:03]} Kh6 {[%emt 0:01:04]} 34. R4g2 {[%emt 0:00:49]} b4 {[%emt 0:02:32]} 35. cxb4 {[%emt 0:00:30]} axb4 {[%emt 0:00:06]} 36. exf6 {[%emt 0:00:32]} Nxf6 {[%emt 0:00:11]} 37. axb4 {[%emt 0:00:16]} Ne4+ {[%emt 0:00:26]} 38. Kc1 {[%emt 0:00:34]} Ra8 {[%emt 0:01:57]} 39. Re2 {[%emt 0:00:07]} Rxf5 {[%emt 0:00:26]} 40. Kb2 {[%emt 0:00:00]} Ra2+ {[%emt 0:00:00]} 41. Kxa2 {[%emt 0:01:04]} Nc3+ {[%emt 0:00:27]} 42. Kb2 {[%emt 0:02:53]} Nxe2 {[%emt 0:00:06]} 43. Rg2 {[%emt 0:00:18]} Nxd4 {[%emt 0:01:04]} 44. Kc3 {[%emt 0:00:37]} Nc6 {[%emt 0:13:40]} 45. Kxc4 {[%emt 0:00:50]} 1/2-1/2

[Event "3rd Memorial Warakomska 2019"]
[Site "Suwalki"]
[Date "2019.08.07"]
[Round "3.3"]
[White "Hnydiuk, Aleksander"]
[Black "Caspi, Israel"]
[Result "1/2-1/2"]
[WhiteElo "2412"]
[BlackElo "2458"]
[Annotator "ChessBase"]
[PlyCount "116"]
[EventDate "2019.08.05"]
[EventType "swiss"]
[EventCountry "POL"]
[SourceTitle "playchess.com"]
[Source "ChessBase"]
[SourceQuality "1"]
[TimeControl "40/5400+30:1800+30"]

1. Nf3 {[%emt 0:03:01]} Nf6 {[%emt 0:00:00]} 2. c4 {[%emt 0:00:08]} e6 {[%emt 0:00:00]} 3. g3 {[%emt 0:00:04]} d5 {[%emt 0:00:10]} 4. d4 {[%emt 0:00:06]} Be7 {[%emt 0:00:07]} 5. Bg2 {[%emt 0:00:08]} O-O {[%emt 0:00:07]} 6. Qc2 {[%emt 0:00:50]} c5 {[%emt 0:00:19]} 7. O-O {[%emt 0:00:24]} cxd4 {[%emt 0:00:04]} 8. Nxd4 {[%emt 0:00:10]} e5 {[%emt 0:00:07]} 9. Nf5 {[%emt 0:00:21]} d4 {[%emt 0:00:08]} 10. Nxe7+ {[%emt 0:00:42]} Qxe7 {[%emt 0:00:03]} 11. Bg5 {[%emt 0:00:07]} h6 {[%emt 0:00:08]} 12. Bxf6 {[%emt 0:00:06]} Qxf6 {[%emt 0:00:03]} 13. Nd2 {[%emt 0:00:53]} Nc6 {[%emt 0:00:05]} 14. c5 {[%emt 0:07:34]} Bf5 {[%emt 0:30:07]} 15. Qb3 {[%emt 0:07:52]} Qe7 {[%emt 0:01:58]} 16. Ne4 {[%emt 0:03:53]} Be6 {[%emt 0:11:55]} 17. Qb5 {[%emt 0:06:44]} f5 {[%emt 0:02:54]} 18. Nd6 {[%emt 0:00:35]} e4 {[%emt 0:00:06]} 19. Rfd1 {[%emt 0:25:39]} Rab8 {[%emt 0:11:33]} 20. Qa4 {[%emt 0:01:11]} Qf6 {[%emt 0:02:40]} 21. b4 {[%emt 0:04:27]} a6 {[%emt 0:02:34]} 22. Rab1 {[%emt 0:00:47]} Bd5 {[%emt 0:21:36]} 23. Qc2 {[%emt 0:00:48]} Qe5 {[%emt 0:03:36]} 24. a4 {[%emt 0:16:49]} b5 {[%emt 0:00:06]} 25. axb5 {[%emt 0:01:25]} axb5 {[%emt 0:00:25]} 26. Qb2 {[%emt 0:03:46]} f4 {[%emt 0:03:03]} 27. e3 {[%emt 0:00:37]} f3 {[%emt 0:02:04]} 28. Bf1 {[%emt 0:06:05]} d3 {[%emt 0:01:49]} 29. Qxe5 {[%emt 0:03:39]} Nxe5 {[%emt 0:00:06]} 30. Bh3 {[%emt 0:01:22]} g6 {[%emt 0:02:43]} 31. Ra1 {[%emt 0:00:13]} Ra8 {[%emt 0:02:50]} 32. Nxb5 {[%emt 0:00:55]} Bb3 {[%emt 0:00:33]} 33. Nc3 {[%emt 0:01:03]} g5 {[%emt 0:00:50]} 34. Nxe4 {[%emt 0:01:06]} g4 {[%emt 0:00:50]} 35. Bf1 {[%emt 0:01:36]} Bxd1 {[%emt 0:00:09]} 36. Rxd1 {[%emt 0:00:02]} Rfb8 {[%emt 0:00:51]} 37. h3 {[%emt 0:01:52]} h5 {[%emt 0:00:43]} 38. Nf6+ {[%emt 0:00:45]} Kf7 {[%emt 0:00:14]} 39. Nxh5 {[%emt 0:00:09]} Rxb4 {[%emt 0:00:15]} 40. Nf4 {[%emt 0:00:00]} d2 {[%emt 0:00:00]} 41. Nd3 {[%emt 0:12:59]} Nxd3 {[%emt 0:05:38]} 42. Bxd3 {[%emt 0:00:04]} Rb2 {[%emt 0:00:36]} 43. Bf5 {[%emt 0:09:50]} Ra5 {[%emt 0:11:26]} 44. Bxg4 {[%emt 0:00:18]} Rxc5 {[%emt 0:00:06]} 45. Bxf3 {[%emt 0:00:26]} Rc1 {[%emt 0:00:16]} 46. Kg2 {[%emt 0:00:51]} Kf6 {[%emt 0:01:55]} 47. h4 {[%emt 0:00:57]} Rxd1 {[%emt 0:01:34]} 48. Bxd1 {[%emt 0:00:01]} Rb1 {[%emt 0:00:07]} 49. Bg4 {[%emt 0:01:37]} Re1 {[%emt 0:02:32]} 50. Bf3 {[%emt 0:01:43]} Kf5 {[%emt 0:05:15]} 51. g4+ {[%emt 0:00:41]} Ke5 {[%emt 0:01:36]} 52. Kg3 {[%emt 0:05:20]} Rg1+ {[%emt 0:01:23]} 53. Kh2 {[%emt 0:00:02]} d1=Q {[%emt 0:01:50]} 54. Bxd1 {[%emt 0:00:02]} Rxd1 {[%emt 0:00:07]} 55. h5 {[%emt 0:01:29]} Ke4 {[%emt 0:01:12]} 56. Kg3 {[%emt 0:00:29]} Rg1+ {[%emt 0:01:21]} 57. Kh4 {[%emt 0:00:12]} Kf3 {[%emt 0:00:51]} 58. h6 {[%emt 0:00:27]} Rxg4+ {[%emt 0:00:17]} 1/2-1/2